000 01128nam0a2200313 4500
001 RU\NLR\BIBL_A\022578808
005 20260408153837.0
010 _a978-5-4499-4116-9
_9500
035 _a(NLR Aleph) 022578808
090 _a13504600
_c13504600
100 _a20250702d2024 u y0rusy50 ca
101 0 _arus
102 _aRU
105 _ay z 000yy
181 0 _ai
_baxxe
182 0 _an
200 1 _aКак архитектура превращается в дизайн
_fР. Ф. Мирхасанов
203 _aТекст
_bвизуальный
_cнепосредственный
210 _aМосква
_cДирект-Медиа
_d2024
215 _a323 с.
_cил.
_d25
320 _aБиблиогр.: с. 308-323 и в подстроч. примеч.
333 _a16+
606 _aАрхитектурные формы
_xВзаимосвязь с конструкциями
_3RU\NLR\AUTH\6672738
_91021528
686 1 _aЩ110.15
700 1 _aМирхасанов
_bР. Ф.
_gРустем Фаритович
942 _cBOOK
980 _aNB